The primitive soluble permutation groups of degree less than 256
Αποθηκεύτηκε σε:
| Κύριος συγγραφέας: | |
|---|---|
| Μορφή: | Βιβλίο |
| Γλώσσα: | English |
| Δημοσίευση: |
Berlin ; New York :
Springer-Verlag,
c1992
|
| Σειρά: | Lecture notes in mathematics (Springer-Verlag)
; 1519 |
| Θέματα: | |
| Ετικέτες: |
Προσθήκη ετικέτας
Δεν υπάρχουν, Καταχωρήστε ετικέτα πρώτοι!
|
MARC
| LEADER | 00000cam a2200000 i 4500 | ||
|---|---|---|---|
| 001 | 1/27562 | ||
| 008 | 960429s1992 eng d | ||
| 020 | |a 3540555013 | ||
| 020 | |a 0387555013 | ||
| 035 | |l 10037855 | ||
| 040 | |a GR-MY-UA |b gre |e aacr | ||
| 041 | 0 | |a eng | |
| 082 | 0 | |a 512.2 |2 (20) | |
| 100 | 1 | |a Short, M. W. |q (Mark William) | |
| 245 | 1 | 4 | |a The primitive soluble permutation groups of degree less than 256 / |c M.W. Short |
| 260 | |a Berlin ; New York : |b Springer-Verlag, |c c1992 | ||
| 300 | |a vii, 145 p.; |b ill.; |c 25 cm | ||
| 490 | 1 | |a Lecture notes in mathematics (Springer-Verlag) |v ; 1519 | |
| 504 | |a Includes bibliographical references (p. [135]-141) and index | ||
| 650 | 0 | 0 | |a Permutation groups. |
| 650 | 0 | 0 | |a Solvable groups. |
| 830 | 0 | |a Lecture notes in mathematics (Springer-Verlag) |v ; 1519 | |
| 852 | |a INST |b SAMOS |e 19960429 |h 512.2 SHO |p 005300005372 |q 005300005372 |t BK |y 0 | ||
| 909 | |a Σ |b 039388 | ||